000 00668cam a22002411 4500
001 sa 63003613
003 DLC
005 20260227111943.0
008 940930s1962 ii 000 0 beno
010 _asa 63003613
025 _aPL480:I-B-406
035 _a(OCoLC)31205781
040 _aDLC
_cCU
_dCU
_dDLC
042 _apremarc
050 0 0 _aPK1701
_b.G53
100 1 _aGhosha, Sāgaramaẏa,
_d1915-
245 1 0 _aSampādakera baiṭhake.
260 _c[1962]
300 _a147 p.
_c23 cm.
500 _aIn Bengali.
500 _aA collection of the author's articles originally published in the magazine Jalasa, 1959-62.
650 0 _aBengali literature.
999 _c55201
_d55201